[Event "Barcelona Sant Marti op-B 24th"]
[Site "Barcelona"]
[Date "2024.07.18"]
[Round "6"]
[White "Vilchez Cardenas, Juan Antonio"]
[Black "Bermejo Cuadra, Robert"]
[Result "1/2-1/2"]
[WhiteElo "1434"]
[BlackElo "1433"]
[PlyCount "84"]
[EventDate "2024.07.13"]
[EventType "swiss"]
[EventRounds "9"]
[EventCountry "ESP"]
[SourceTitle "EXT 2025"]
[Source "ChessBase"]
[SourceDate "2024.10.14"]
[SourceVersion "1"]
[SourceVersionDate "2024.10.14"]
[SourceQuality "1"]

1. e4 e5 2. Nf3 d6 3. Bc4 Bg4 4. h3 Bxf3 5. Qxf3 Qf6 6. Qxf6 Nxf6 7. d3 Be7 8. Nc3 c6 9. b4 b5 10. Bb3 a5 11. bxa5 Rxa5 12. a3 Nbd7 13. Be3 c5 14. 0-0 b4 15. Na4 0-0 16. Bd2 Rb8 17. c4 Nb6 18. axb4 Raa8 19. b5 Nxa4 20. Bxa4 h6 21. Rfb1 Bd8 22. Rb2 Bb6 23. Rba2 Ra7 24. f4 Rba8 25. fxe5 dxe5 26. Bc3 Nd7 27. Bb3 Rxa2 28. Rxa2 Rxa2 29. Bxa2 f6 30. g4 Nf8 31. Kg2 Ng6 32. Bd2 Nh4+ 33. Kg3 g5 34. Be1 Kg7 35. Bb3 Ng6 36. Bd2 Nf4 37. Bxf4 exf4+ 38. Kf3 Kg6 39. Bd1 h5 40. gxh5+ Kxh5 41. Kg2+ Kh4 42. Bg4 Ba7 1/2-1/2

[Event "Barcelona Sant Marti op-B 23rd"]
[Site "Barcelona"]
[Date "2023.07.19"]
[Round "7"]
[White "Vilchez Cardenas, Juan Antonio"]
[Black "Arrondo Vila, Nuria"]
[Result "0-1"]
[WhiteElo "1700"]
[BlackElo "1172"]
[PlyCount "92"]
[EventDate "2023.07.13"]
[EventType "swiss"]
[EventRounds "9"]
[EventCountry "ESP"]
[SourceTitle "CBM 215 Extra"]
[Source "ChessBase"]
[SourceDate "2023.09.30"]
[SourceVersion "1"]
[SourceVersionDate "2023.09.30"]
[SourceQuality "1"]

1. e4 e5 2. Nf3 Nc6 3. Nc3 Bc5 4. Be2 d6 5. h3 Be6 6. d3 f5 7. Be3 Nd4 8. Bg5 Qd7 9. Nxd4 Bxd4 10. Qd2 Ne7 11. Bxe7 Qxe7 12. Rf1 0-0-0 13. 0-0-0 Kb8 14. Kb1 f4 15. f3 Be3 16. Qe1 g5 17. h4 h6 18. Rh1 Qd7 19. hxg5 hxg5 20. Nd5 Bxd5 21. exd5 Qb5 22. c4 Qb6 23. Qc3 Bd4 24. Qb3 Qxb3 25. axb3 a5 26. Kc2 Ka7 27. Ra1 b6 28. Rxh8 Rxh8 29. Bf1 Rh1 30. Rc1 Ka6 31. Rb1 b5 32. Be2 Rxb1 33. Kxb1 b4 34. Bf1 Kb6 35. Kc2 Kc5 36. Be2 Bf2 37. Kd2 Kd4 38. Bd1 Be3+ 39. Ke2 Bc1 40. Bc2 Bxb2 41. Kf2 Kc3 42. Bd1 Kxd3 43. g3 Kd2 44. Be2 Bd4+ 45. Kg2 Kxe2 46. gxf4 gxf4 0-1

[Event "Barcelona Sant Marti op-B 23rd"]
[Site "Barcelona"]
[Date "2023.07.18"]
[Round "6"]
[White "Izquierdo Sanchez, Alejandro"]
[Black "Vilchez Cardenas, Juan Antonio"]
[Result "1-0"]
[WhiteElo "1290"]
[BlackElo "1700"]
[PlyCount "59"]
[EventDate "2023.07.13"]
[EventType "swiss"]
[EventRounds "9"]
[EventCountry "ESP"]
[SourceTitle "CBM 215 Extra"]
[Source "ChessBase"]
[SourceDate "2023.09.30"]
[SourceVersion "1"]
[SourceVersionDate "2023.09.30"]
[SourceQuality "1"]

1. e4 e5 2. Nf3 d6 3. Bc4 Be6 4. d3 Nc6 5. Bxe6 fxe6 6. c3 h6 7. 0-0 d5 8. Nbd2 Nf6 9. b4 d4 10. Qb3 Qd7 11. b5 Na5 12. Qa4 b6 13. Nxe5 Qd6 14. cxd4 Nd7 15. Ng6 Rh7 16. Nxf8 Qxf8 17. Ba3 Qf7 18. Nc4 Nxc4 19. Qxc4 Nf6 20. Qc6+ Qd7 21. Qxa8+ Qd8 22. Qxa7 g5 23. Rac1 c6 24. Qa4 Rc7 25. bxc6 e5 26. d5 Nxd5 27. exd5 Qxd5 28. Qa8+ Qd8 29. Qa6 Qb8 30. Qb5 1-0